Soldadura automática

Salvato in:
Dettagli Bibliografici
Autore principale: Hammond, Rolt (Autore)
Natura: Libro
Lingua:spagnolo
Pubblicazione: Bilbao Urmo 1968
Soggetti:
Tags: Aggiungi Tag
Nessun Tag, puoi essere il primo ad aggiungerne!!

MARC

LEADER 00000nam a2200000 a 4500
001 UCP1993
003 CL-VaPUC
008 990430e19680000SP |||||||||||||||||spa|d
082 0 4 |a 671.521  |b HAM  |2 21 
100 0 |a Hammond, Rolt  |e author  |9 428377 
245 1 0 |a Soldadura automática 
300 |a 456 p 
942 |c BK 
945 |d 19990430 00:00:00  |a cmena 
260 |a Bilbao  |b Urmo  |c 1968 
650 0 |a Soldaduras  |9 340447 
650 7 |a TRABAJADO DE METALES  |2 CL-VaPUC  |9 344423 
650 0 |a Procesos industriales  |9 334036 
650 7 |a MAQUINAS PARA SOLDAR  |2 CL-VaPUC  |9 363846 
650 7 |a SOLDADURA ELECTRICA  |2 CL-VaPUC  |9 271820 
583 |a last modification  |c 19990430 00:00:00  |k Rodrigo Vera 
999 |c 280606  |d 280604 
952 |0 0  |1 0  |4 0  |6 671_521000000000000_HAM_1968  |7 0  |8 A  |9 320999  |a BIBMEC  |b BIBMEC  |d 2019-11-20  |i 1342592  |o 671.521 HAM 1968  |p 1342592  |r 2019-11-20  |w 2019-11-20  |y BK  |k MEC